Unix network programming : the sockets networking API V.1 (Record no. 282332)

MARC details
000 -LEADER
fixed length control field 00549nam a2200181Ia 4500
005 - DATE AND TIME OF LATEST TRANSACTION
control field 20241024082903.0
008 - FIXED-LENGTH DATA ELEMENTS--GENERAL INFORMATION
fixed length control field 240126s9999 xx 000 0 und d
020 ## - INTERNATIONAL STANDARD BOOK NUMBER
International Standard Book Number 9789332549746
082 ## - DEWEY DECIMAL CLASSIFICATION NUMBER
Classification number 001.6424UNI STE;1 R
100 ## - MAIN ENTRY--PERSONAL NAME
Personal name Stevens, W Richard.Fenner, Bill. Rudoff, Andrew M.
245 #0 - TITLE STATEMENT
Title Unix network programming : the sockets networking API V.1
250 ## - EDITION STATEMENT
Edition statement 3rd ed.
260 ## - PUBLICATION, DISTRIBUTION, ETC. (IMPRINT)
Name of publisher, distributor, etc. Pearson
Place of publication, distribution, etc. South Asia
Date of publication, distribution, etc. 2015
300 ## - PHYSICAL DESCRIPTION
Extent xxiii, 991
440 ## - SERIES STATEMENT/ADDED ENTRY--TITLE
Title NULL
650 ## - SUBJECT ADDED ENTRY--TOPICAL TERM
Topical term or geographic name as entry element Unix,network,programming,sockets,networking,API,V.1
942 ## - ADDED ENTRY ELEMENTS (KOHA)
Koha item type PESU Books
Holdings
Date last seen Total Checkouts Full call number Accession number Old discount Checked out Volume/Issue Number Date checked out Cost, replacement price Price effective from Category Lost status Damaged status Department Withdrawn status bill no. Permanent Location Current Location Shelving location Entry date Vendor Cost, normal purchase price Grants Currency symbol Conversion rate Discount Discount type
31/05/2024 1 001.6424UNI STE;1 R PU7792 28 14/06/2024 1(07/07/1905) 31/05/2024 488.88 26/01/2024 PESU Books     Central Library   IN1757 Central Library Central Library Central Library 28/08/2017 Sunrise 679.00 MCA RS 1 190.12 Rupees

© For any Suggestions or Query, please contact the library staff @ librarian@pes.edu or Phone: +9180 2672 1983/ 2108.